ბათუმის შოთა რუსთაველის სახელმწიფო უნივერსიტეტის ბიბლიოთეკა

დედოფალი მარგო : (ბიბ.ჩანაწერი № 2)

000 -ლიდერი
ფიქსირებული სიგრძის საკონტროლო ველი 01426nam a22002537a 4500
003 - საკონტროლო ნომრის იდენტიფიკატორი
საკონტროლო ველი Ge_BSU
005 - ბოლო ოპერაციის თარიღი და დრო
საკონტროლო ველი 20190420191656.0
008 - ფიქსირებული სიგრძის მონაცემთა ელემენტები - ზოგადი ინფორმაცია
ფიქსირებული სიგრძის საკონტროლო ველი 181213s2013 ge ||||| |||| 00| 0 geo d
020 ## - წიგნის საერთაშორისო სტანდარტული ნომერი
International Standard Book Number 9789941161438
041 ## - ენის კოდი
Language code of text/sound track or separate title geo
Language code of original and/or intermediate translations of text fre
080 ## - უნივერსალური ათობითი კლასიფიკაციის ინდექსი
Universal Decimal Classification number 821.133.1-32
100 ## - მთავარი ჩანაწერი - პიროვნების სახელი
Personal name დიუმა, ალექსანდრე
9 (RLIN) 1
245 ## - ცნობა სათაურის შესახებ
Title დედოფალი მარგო :
Remainder of title [რომანი] /
Statement of responsibility, etc ალექსანდრე დიუმა; ფრანგ. თარგმნა და კომენტ. დაურთო ჯენეტო ჭანტურაიამ; რედ. ლია ერისთავი; მხატვ. სპარტაკ ცინცაძე.
264 ## - წარმოების, გამოცემის, დისტრიბუციის და სხვა ცნობები
გამოცემის, წარმოების, დისტრიბუციის... ადგილი [თბ.] :
გამოცემის, წარმოების, დისტრიბუციის... სახელწოდება "საქართველოს მაცნეს" გამ-ბა და სტ.,
გამოცემის, წარმოების, დისტრიბუციის... თარიღი [2013].
300 ## - ფიზიკური აღწერა
Extent 664 გვ.
490 ## - სერიის ცნობა
Series statement ოქროს ბიბლიოთეკა,
Volume number/sequential designation ტ. 16
International Standard Serial Number 1512-2921 ;
500 ## - ზოგადი შენიშვნა
General note კომენტარები: გვ. 627-661.
653 ## - INDEX TERM--UNCONTROLLED
Uncontrolled term ფრანგული ლიტერატურა
653 ## - INDEX TERM--UNCONTROLLED
Uncontrolled term ფრანგული რომანი
700 ## - ADDED ENTRY--PERSONAL NAME
Personal name ჭანტურაია, ჯენეტო
Relator term მთარგმნელი
9 (RLIN) 2
700 ## - ADDED ENTRY--PERSONAL NAME
Personal name ერისთავი, ლია,
Relator term რედაქტორი
9 (RLIN) 3
700 ## - ADDED ENTRY--PERSONAL NAME
Personal name ცინცაძე, სპარტაკ
Relator term მხატვარი
9 (RLIN) 4
942 ## - ADDED ENTRY ELEMENTS (KOHA)
Source of classification or shelving scheme
Koha item type წიგნი
ეგზემპლარები
ჩამოწერის სტატუსი დაკარგული ეგზემპლარის სტატუსი კლასიფიკაციის წყარო ან თაროზე გაწყობის სქემა დაზიანების სტატუსი არ გაიცემა მუდმივი მდებარეობა (დაცვის ადგილი) ამჟამინდელი ადგილსამყოფელი შეძენის თარიღი შტრიხკოდი ბოლო ოპერაციის თარიღი ეგზემპლარის მიმდევრობითი ნომერი (კეტერი?) ფასის ძალაში შესვლის თარიღი ეგზემპლარის სახეობა
          აგრარული და მემბრანული ტექნოლოგიების ინსტიტუტის ბიბლიოთეკა აგრარული და მემბრანული ტექნოლოგიების ინსტიტუტის ბიბლიოთეკა 2018-12-13 2018-0001 2018-12-13 к2 2018-12-13 წიგნი